| 000 | 00512nam a2200145 a 4500 | ||
|---|---|---|---|
| 008 | 201203s2008 ||||||||||||||||| || u | ||
| 020 | _a9780340931837 | ||
| 050 | _aPZ 7.M869647 | ||
| 100 | _aMuchamore, Robert | ||
| 245 | 1 | 4 |
_aThe sleepwalker _cBy Robert Muchamore |
| 260 |
_aLondon _bHodder Children's Books _c2008 |
||
| 300 | _a322 pages | ||
| 650 | _aENGLISH LANGUAGE | ||
| 995 |
_D19.77 _FCBU-MAIN LIBRARY (Kitwe) _M1 _UAVAILABLE _WDec 7, 2020 _ZFiction Collection |
||
| 999 |
_c57545 _d57545 |
||